Les plus gros transferts du football - Défenseurs centraux - 2022-2023 - Statistiques

Statistiques générales
  • Ce quiz a été pris 42 fois
  • Le résultat moyen est 8 sur 10
Statistiques - réponses
Montant de transfert (M €) Nationalité Venant de Allant à Joueur % Correct
50,00 France FC Sevilla Barcelone Jules Koundé
98%
67,00 Pays-Bas Juventus Turin Bayern Munich Matthijs de Ligt
98%
80,40 France Leciester City Chelsea Wesley Fofana
95%
42,00 Sénégal Napoli Chelsea Kalidou Koulibaly
88%
57,37 Argentine Ajax Manchester United Lisandro Martínez
85%
46,90 Brésil Torino Juventus Turin Bremer
80%
52,00 Argentine Atalanta BC Tottenham Cristian Romero
80%
38,00 France Monaco Chelsea Benoît Badiashile
75%
35,00 Maroc Stade Rennais West Ham United Nayef Aguerd
70%
37,00 Pays-Bas LOSC Lille Newcastle United Sven Botman
70%
Aucun quiz correspondant
Distribution des résultats
% des personnes avec chaque résultat
Percentile par nombre de réponses
Votre historique - résultats
Vous n’avez pas pris ce quiz